Sweet Art Creature Cookies (Record no. 586203)
[ view plain ]
| 000 -LEADER | |
|---|---|
| fixed length control field | 00354nam a22001337a 4500 |
| 020 ## - INTERNATIONAL STANDARD BOOK NUMBER | |
| International Standard Book Number | 9781589238572 |
| 040 ## - CATALOGING SOURCE | |
| Transcribing agency | NUST |
| 082 ## - DEWEY DECIMAL CLASSIFICATION NUMBER | |
| Classification number | 823-CH |
| Author Mark | CAR |
| 100 ## - MAIN ENTRY--PERSONAL NAME | |
| Personal name | Carpenter Autumn |
| 9 (RLIN) | 81710 |
| 245 ## - TITLE STATEMENT | |
| Title | Sweet Art Creature Cookies |
| 260 ## - PUBLICATION, DISTRIBUTION, ETC. | |
| Place of publication, distribution, etc. | USA: |
| Name of publisher, distributor, etc. | Creative Publishing International.Rockport, |
| Date of publication, distribution, etc. | 2015. |
| 600 ## - SUBJECT ADDED ENTRY--PERSONAL NAME | |
| Personal name | Levy Karen |
| 9 (RLIN) | 81711 |
| 942 ## - ADDED ENTRY ELEMENTS (KOHA) | |
| Source of classification or shelving scheme | |
| Koha item type | Book |
| Withdrawn status | Lost status | Source of classification or shelving scheme | Damaged status | Not for loan | Permanent Location | Current Location | Shelving location | Date acquired | Total Checkouts | Full call number | Barcode | Date last seen | Price effective from | Koha item type |
|---|---|---|---|---|---|---|---|---|---|---|---|---|---|---|
| College of Electrical & Mechanical Engineering (CEME) | College of Electrical & Mechanical Engineering (CEME) | General Stacks | 08/25/2021 | 823-CH CAR | CEME-50360 | 08/25/2021 | 08/25/2021 | Book |
